000 02617cam a22005054i 4500
003 PE-LiUPU
005 20250731184523.0
008 150617s r 000 0 d
035 _a(Sirsi) a18794
040 _aPE-LiUPU
_bspa
_cPE-LiUPU
_erda
049 _aPRUA
082 0 4 _a985.9031
_bP851955
_221
100 1 _aPrescott, Guillermo H.,
_eautor.
245 1 0 _aHistoria de la conquista del Perú.
264 1 _aBuenos Aires :
_bEdiciones Suma,
_c1871.
300 _a614 páginas mapa, retratos ;
_c23 cm
336 _atext
_2rdacontent
337 _aunmediated
_2rdamedia
338 _avolume
_2rdacarrier
490 0 _aColección Historia
505 0 _aAspecto físico del país -- Ordenes del estado -- Religión del Perú -- Educación -- Ganados del Perú -- Ciencia antigua y ciencia moderna -- Francisco Pizarro -- Contrato famoso -- Indignación del gobernador -- Garcilaso de la Vega -- Recibimiento de Pizarro en la Corte -- Perú en la época de la conquista -- Los españoles desembarcan en Tumbes -- Paso difícil de los Andes -- Plan temerario de Pizarro -- Llegada del oro del rescate -- Inmenso valor de las riquezas -- Desórdenes en el Perú -- Coronación del nuevo inca -- Evasión del inca -- Marcha de Almagro a Chile -- Primera guerra civil -- Pizarro visita de nuevo al Cuzco -- Expedición de Gonzalo Pizarro -- Feacción de Almagro -- Movimientos de los conspiradores -- Abusos -- Llegada del virrey a Lima -- Medidas de Gonzalo Pizarro.
526 _aP136
526 _aP135
526 _aP134
526 _aP133
526 _aP144
526 _aP143
526 _aP87
526 _aP35
526 _aP20
526 _aP14
526 _aP10
526 _aP06
650 0 4 _aPERU
_xHISTORIA
_yDESCUBRIMIENTO Y CONQUISTA 1582-1548.
910 _ajck
_bjvq
_cjck
_d20150616
942 _2ddc
_cBOOK
949 _a985.9031 P85 1955
_wDEWEY
_c1
_i14958
_lCCODEBUL1
_mBUL
_p00.00
_r0
_sY
_tBOOK
_u19770308
_xEDUCACION
_zUNKNOWN
_0COMPRA
_o.STAFF. Colección General
949 _a985.9031 P85 1955
_wDEWEY
_c2
_i02572
_lCCODEBUL1
_mBUL
_p00.00
_r0
_sY
_tBOOK
_u19770308
_xEDUCACION
_zUNKNOWN
_0COMPRA
_o.STAFF. Colección General
994 _aC0
_bPEPRU
596 _a1
999 _a985.9031 P85 1955
_wDEWEY
_c18525
_i14958
_f2021-11-8
_g5
_lCCODEBUL1
_mBUL
_r0
_sY
_tBOOK
_u2015-6-17
_xBIBLIOTECA
_zUNKNOWN
_0COMPRA
_o.STAFF. Colección General
_d18525
999 _a985.9031 P85 1955
_wDEWEY
_c2
_i02572
_f2021-11-8
_g5
_lCCODEBUL1
_mBUL
_r0
_sY
_tBOOK
_u2015-6-17
_xBIBLIOTECA
_zUNKNOWN
_0COMPRA
_o.STAFF. Colección General
980 _81
_gALBERTO SANCHEZ Responsable de Automatización